Základy kvantovej mechaniky /
Salvato in:
| Autore principale: | |
|---|---|
| Natura: | Libro |
| Lingua: | slovacco |
| Pubblicazione: |
Liptovský Mikuláš :
Akadémia ozbrojených síl generála Milana Rastislava Štefánika,
2015
|
| Edizione: | 1. vyd. |
| Tags: |
Nessun Tag, puoi essere il primo ad aggiungerne!!
|
MARC
| LEADER | 00000nam a22000003a 4500 | ||
|---|---|---|---|
| 001 | 0108213 | ||
| 003 | SK-STU | ||
| 005 | 20240131135024.0 | ||
| 007 | ta | ||
| 008 | 240131s ----xo-----e------000-0-----d | ||
| 020 | |a 978-80-8040-517-5 | ||
| 040 | |a STU |b slo | ||
| 041 | 0 | |a slo | |
| 044 | |a xo | ||
| 080 | |a 53.2 | ||
| 100 | 1 | |a Mudroň, Ján |4 aut | |
| 245 | 1 | 0 | |a Základy kvantovej mechaniky / |c aut. Ján Mudroň |
| 250 | |a 1. vyd. | ||
| 260 | |a Liptovský Mikuláš : |b Akadémia ozbrojených síl generála Milana Rastislava Štefánika, |c 2015 | ||
| 300 | |a 234 s. | ||
| 996 | |b 284EK90521 |c E* 90521 |l EE01 |s A |a 24 |w 0108213_0001 | ||
| 996 | |b 284EK91060 |c E* 91060 |l EE0101 |s P |a 0 |w 0108213_0002 | ||